|
|
|
|
| LEADER |
00000nam a22000007a 4500 |
| 005 |
20210514234558.0 |
| 007 |
cr|||| |||| |
| 008 |
210514s2012 co |||||s|||| 00||0 spa d |
| 020 |
|
|
|a 978-958-762-047-4
|
| 035 |
|
|
|a 33370
|
| 040 |
|
|
|a vLex
|
| 090 |
|
|
|c 11672
|d 11672
|
| 100 |
1 |
|
|a Da̕z Spataro, Mariana
|
| 245 |
1 |
0 |
|a Outsourcing
|h [Recurso electrn̤ico] :
|b Gua̕ prc̀tica de tčnicas y estrategias /
|c Mariana Da̕z Spataro
|
| 256 |
|
|
|a Servicio en ln̕ea
|
| 260 |
|
|
|a Bogot:̀
|b Ediciones de la U,
|c 2012
|
| 300 |
|
|
|a 1 recurso electrn̤ico
|
| 500 |
|
|
|a Los ejecutivos de hoy en da̕ se enfrentan a una gran cantidad de cambios y tendencias sin precedentes. Estos cambios incluyen la necesidad de ser globales, de crecer sin usar ms̀ capital, de responder a las amenazas y oportunidades de la economa̕, el envejecimiento de la fuerza laboral, la reduccin̤ de costos y batallar por el pensar del consumidor, parte de estas tendencias actuales es el Outsourcing; cuando una organizacin̤ transfiere la propiedad de un proceso de negocio a un representante o tercero especializado. Parte de estas tendencias actuales es el Outsourcing; cuando una organizacin̤ transfiere la propiedad de un proceso de negocio a un suplidor. Se basa en el desprendimiento de alguna actividad, que no forme parte de las habilidades principales de una organizacin̤, a un tercero especializado. Por habilidades principales o centrales se entiende todas aquellas actividades que forman el negocio central de la empresa yen las que se tienen ventajas competitivas con respecto a la competencia. En el texto se desarrollan aspectos importantes como: definiciones de outsourcing, tipos, razones por las cuales llevarlo a cabo, ventajas y desventajas del mismo as ̕como las estrategias y riesgos involucrados en dicho proceso, planificacin̤, implantacin̤ y contratos de los mismos.
|
| 506 |
1 |
|
|a Disponible solo en los productos indicados
|d vLex Global
|d vLex Global (Academic Edition, excluding Law Schools)
|d vLex Global (U.S. Academic Edition, Law Schools)
|d vLex Global (U.S. Academic Edition, excluding Law Schools)
|d vLex Global (Academic Edition, Law Schools)
|
| 650 |
0 |
4 |
|a Comercio
|z Colombia
|
| 740 |
0 |
|
|a vLex Libros (Servicio en ln̕ea)
|
| 856 |
4 |
0 |
|u https://vlex.com/source/outsourcing-guia-practica-de-tecnicas-y-estrategias-33370
|z Acceso restringido
|
| 942 |
|
|
|c BOOK
|
| 999 |
0 |
|
|a Commerce
|